000 00639cam a22002051 4500
001 ca 10000921
003 DLC
005 20260227111052.0
008 870929s1896 hu c 000 0bhun
010 _aca 10000921
035 _a(OCoLC)16770872
040 _aDLC
_cOrPS
_dDLC
042 _apremarc
050 0 0 _aDB933.3.P4
_bF3
100 1 _aFerenczi, Zoltán,
_d1857-1927.
245 1 0 _aPetőfi életrajza.
_cIrta Ferenczi Zoltán... A Kasselikalapitványból, kiadja a kisfaludy-társaság.
260 _aBudapest,
_bFranklin-társulat,
_c1896.
300 _a3 v.
_bfronts. (ports.)
_c18 cm.
600 1 0 _aPetőfi, Sándor,
_d1823-1849.
999 _c14166
_d14166